000 00755nam a2200265 i 4500
001 78874
003 ES-MaACL
005 20230906173836.0
007 t|
008 041018s1986 sp ||||1| spa d
020 _a84-34-8732-2
100 1 _aHeidegger, Martin.
_962337
245 1 0 _aHeráclito /
_cMartin Heidegger, Eugen Fink ; versión castellana de Jacobo Muñoz y Salvador Mas.
250 _a[1ª ed.].
260 _aBarcelona :
_bAriel,
_c1986.
300 _a220 p. ;
_c21 cm.
490 1 _aFilosofía
500 _aIndices.
700 1 _aFink, Eugen.
_950899
700 1 _aMuñoz, Jacobo.
_9137824
700 1 _aMas, Salvador.
_978623
830 0 _aFilosofía
_9177836
852 _aES-MaACL
_jL-10842
_bR.112076
999 _c78874
_d78874